000 00872nam a22002297a 4500
008 240212e20232002xxk|||||o|||| 00| 0 eng d
041 _aeng
110 _aRoyal Institution of Chartered Surveyors
245 _aRICS Practice Alert - UK Property Management
_h[Email update]
260 _aLondon,
_bRoyal Institution of Chartered Surveyors,
_c30 February 2023
300 _aemail
490 _aRICS Practice Alert
650 _aLANDLORD AND TENANT
650 _aPROPERTY MANAGEMENT
650 _aRESIDENTIAL PROPERTY
650 _aSERVICE CHARGES
651 _aUnited Kingdom
690 _96266
_aResidential property
710 _aRoyal Institution of Chartered Surveyors
856 _uhttps://www.rics.org/content/dam/ricsglobal/documents/regulation/RICS%20Practice%20Alert%20-%20UK%20Property%20Management.pdf
_zView the online Practice Update
942 _n0
999 _c121798
_d121798